[Event "ESP-ch U10"]
[Site "Salobrena"]
[Date "2024.07.01"]
[Round "1"]
[White "Chica Bacas, Enzo"]
[Black "Beneyto De Ramon, Jaime"]
[Result "0-1"]
[WhiteElo "1442"]
[BlackElo "1596"]
[PlyCount "64"]
[EventDate "2024.07.01"]
[EventType "swiss"]
[EventRounds "9"]
[EventCountry "ESP"]
[SourceTitle "EXT 2025"]
[Source "ChessBase"]
[SourceDate "2024.10.14"]
[SourceVersion "1"]
[SourceVersionDate "2024.10.14"]
[SourceQuality "1"]

1. e4 e5 2. Nf3 Nc6 3. Bc4 Bc5 4. d3 Nf6 5. 0-0 d6 6. Nc3 h6 7. Be3 Bb6 8. Na4 Bxe3 9. fxe3 Bg4 10. d4 Nxe4 11. d5 Ne7 12. Qd4 Nf6 13. Bb5+ c6 14. Nxe5 dxe5 15. Qxe5 cxb5 16. Nc5 Qxd5 17. Qc7 Rc8 18. Qxb7 Qxc5 19. c3 Qxe3+ 20. Kh1 Ne4 21. Rae1 Qd3 22. h3 Be6 23. Rf3 Qd5 24. Qxa7 Nf6 25. Rf4 Qd7 26. Qf2 0-0 27. Rd4 Qc6 28. Re5 Ng6 29. Re3 Rcd8 30. Rde4 Nxe4 31. Qf3 Rd1+ 32. Qxd1 Nf2+ 0-1